| 000 | 00521nam a2200169Ia 4500 | ||
|---|---|---|---|
| 003 | LK-CoDNM | ||
| 008 | 010623t2002 xxu||||| |||| 00| 1 sin d | ||
| 040 |
_aLK-CoDNM _dLK-CoDNM _eLK-CoDNM |
||
| 041 | _asin | ||
| 080 | _a294.3 ABH | ||
| 100 | _aAbhayasundara,Praneeth. | ||
| 245 | _aබෞද්ධ සමාජ පාලනය හා අපරාධ විද්යාව | ||
| 246 | _aBauddha Samaja Palanaya Ha Aparadha Viddayawa | ||
| 260 |
_bS.Godage _aColombo _c2002 |
||
| 300 | _b186p., 21 cm | ||
| 942 | _cBK | ||
| 999 |
_c122192 _d122192 |
||